000 00302nam a22001337a 4500
008 170911b xxu||||| |||| 00| 0 eng d
020 _a9780805389319
041 _aeng
080 _23 ED
_a52
100 _a42
101 _aAST
245 _aSATRS GALAXIES COSMOLOGY
_cDONAHUE.B
942 _2udc
_cBK
999 _c27058
_d27058